000 00509nam a2200193Ia 4500
001 12861
003 GE_BSU
008 181216s||||||||xx |||||||||||||| ||und||
040 _cGE_BSU
080 _a631.6(47)
245 _aМелиорация почв в СССР
245 _cОтв.ред.В.А.Ковда. Г.Л.Магаков
260 _aМосква
260 _bНаука
260 _c1971
300 _a212стр.27см.
653 _aМелиорация почв в СССР
942 _cBK
999 _c46031
_d46031